| 000 | 00674nam a2200193 a 4500 | ||
|---|---|---|---|
| 001 | 000048597 | ||
| 005 | 20240319201453.0 | ||
| 008 | 190402s2014 dr r 000 0 spa d | ||
| 020 | _a9789945081206 | ||
| 040 |
_aDO-SdBNP _bspa _cBNPHU |
||
| 082 |
_axxxx _bR263o |
||
| 100 | 1 |
_aMilton Ray Guevara _d1948- _978143 |
|
| 245 | 1 | 0 |
_aOpinión constitucional / _cMilton Ray Guevara ; prólogo Adriano Miguel Tejada. |
| 260 |
_aSanto Domingo : _bAmigo del Hogar, _c2014. |
||
| 300 |
_a430 p. ; _c23 cm. |
||
| 500 | _aIncluye referencias bibliográficas y notas al pie de las páginas | ||
| 590 | _aInventariado, 2019/LP | ||
| 700 | 1 |
_aTejada, Adriano Miguel _d1948-2020 _epról. _98560 |
|
| 999 |
_c48085 _d48085 |
||